[Event "Grand Pacific Open 11th annual"]
[Site "?"]
[Date "2017.04.??"]
[Round "5.8"]
[White "Hemstapat, Andrew"]
[Black "Zhang, Eric"]
[Result "1/2-1/2"]
[WhiteElo "2039"]
[BlackElo "1892"]
[PlyCount "81"]
[EventDate "2017.04.17"]
[SourceDate "2017.04.20"]

1. e4 c5 2. Nf3 Nc6 3. Nc3 g6 4. Bc4 Bg7 5. O-O e6 6. Re1 Nge7 7. d3 O-O 8. e5
a6 9. Bg5 b6 10. Qd2 d5 11. exd6 Qxd6 12. Ne4 Qc7 13. Bh6 Nd5 14. h4 Nce7 15.
Bxd5 exd5 16. Bxg7 Kxg7 17. Qc3+ f6 18. Ng3 Qd6 19. d4 Nf5 20. Nf1 Bd7 21. Rad1
c4 22. Qd2 Rfe8 23. g4 Ne7 24. Ne3 Ng8 25. Nh2 Re7 26. Re2 Rae8 27. Rde1 Re4
28. f3 R4e7 29. Kg2 b5 30. a3 Kf7 31. Nhf1 Bc6 32. Kf2 Qf4 33. Ng2 Rxe2+ 34.
Rxe2 Rxe2+ 35. Kxe2 Qd6 36. Kf2 Ne7 37. Qh6 Kg8 38. Qd2 Kf7 39. Ng3 Bd7 40. Qa5
Bc8 41. Qd2 1/2-1/2

[Event "Grand Pacific Open 11th annual"]
[Site "?"]
[Date "2017.04.??"]
[Round "5.4"]
[White "Wu, Howard"]
[Black "Zhu, Brandon"]
[Result "1/2-1/2"]
[WhiteElo "2184"]
[BlackElo "2066"]
[PlyCount "126"]
[EventDate "2017.04.17"]
[SourceDate "2017.04.20"]

1. e4 d5 2. exd5 Nf6 3. d4 Bg4 4. f3 Bf5 5. Bc4 Nbd7 6. Ne2 a6 7. Ng3 Bg6 8.
Nc3 b5 9. Bb3 Nb6 10. O-O Nbxd5 11. Nce4 e6 12. Nxf6+ Nxf6 13. a4 Be7 14. axb5
axb5 15. Rxa8 Qxa8 16. Qe2 Qb7 17. Bf4 O-O 18. Re1 c5 19. dxc5 Bxc5+ 20. Kh1
Be7 21. h3 Nd5 22. Bxd5 Qxd5 23. Ne4 Rd8 24. Nc3 Qf5 25. Bc7 Rc8 26. Qxb5 Qxb5
27. Nxb5 Bxc2 28. Rc1 Ba4 29. Na7 Ra8 30. Bb6 Bd6 31. Rc4 Bb3 32. Rc3 Bd5 33.
Bd4 f6 34. Kg1 Rb8 35. Kf1 Kf7 36. Nc8 Bg3 37. Nb6 Rd8 38. Ke2 Bb7 39. Ke3 Ba6
40. Ra3 Bf1 41. Ra7+ Kg6 42. Nd7 Bb5 43. Nc5 e5 44. Bc3 f5 45. Rxg7+ Kxg7 46.
Ne6+ Kf6 47. Nxd8 f4+ 48. Kd2 Ke7 49. Nb7 Ke6 50. Nc5+ Kd5 51. Nd3 e4 52. Nb4+
Ke6 53. fxe4 Bf1 54. Nd3 Bxg2 55. Be5 Bxe4 56. Bxf4 Bxd3 57. Bxg3 Bf5 58. h4 h5
59. Kc3 Kd5 60. Kb4 Kc6 61. Ka5 Kb7 62. Kb5 Bg4 63. Kc5 Bf3 1/2-1/2

[Event "Grand Pacific Open 11th annual"]
[Site "?"]
[Date "2017.04.??"]
[Round "5.2"]
[White "Fratila, Adela"]
[Black "Moore, Harry"]
[Result "0-1"]
[WhiteElo "2038"]
[BlackElo "2184"]
[PlyCount "58"]
[EventDate "2017.04.17"]
[SourceDate "2017.04.20"]

1. b3 Nf6 2. Bb2 g6 3. d4 Bg7 4. Nc3 O-O 5. Qd2 d6 6. O-O-O c6 7. f3 b5 8. e4
b4 9. Nce2 a5 10. g4 a4 11. Qxb4 axb3 12. axb3 c5 13. Qd2 Ra2 14. Nc3 Rxb2 15.
Kxb2 cxd4 16. Nd5 Nxd5 17. exd5 Bb7 18. Bc4 Nd7 19. Ne2 Ne5 20. Qb4 Qc7 21.
Nxd4 Rb8 22. c3 Bxd5 23. Qxb8+ Qxb8 24. Bxd5 e6 25. Nxe6 fxe6 26. Bxe6+ Kf8 27.
Rhf1 Qb5 28. Ra1 Qe2+ 29. Ka3 Nd3 0-1

[Event "Grand Pacific Open 11th annual"]
[Site "?"]
[Date "2017.04.??"]
[Round "5.1"]
[White "Murray, Mike"]
[Black "Sohal, Tanraj"]
[Result "0-1"]
[WhiteElo "2043"]
[BlackElo "2370"]
[PlyCount "54"]
[EventDate "2017.04.17"]
[SourceDate "2017.04.20"]

1. e4 c5 2. Nc3 Nc6 3. f4 e6 4. Nf3 d5 5. Bb5 Nf6 6. e5 Nd7 7. Bxc6 bxc6 8. d3
Be7 9. O-O O-O 10. Qe1 Rb8 11. b3 Qc7 12. Bd2 Ba6 13. Qg3 f5 14. Ng5 Bxg5 15.
Qxg5 c4 16. dxc4 dxc4 17. Rf3 Rf7 18. Rd1 Nb6 19. Be3 Nd5 20. Bc5 cxb3 21. axb3
Qa5 22. Bd6 Nxc3 23. Rxc3 Qxc3 24. Bxb8 Rd7 25. Qh5 g6 26. Qf3 Qxf3 27. Rxd7
Qf1# 0-1

[Event "Grand Pacific Open 11th annual"]
[Site "?"]
[Date "2017.04.??"]
[Round "5.5"]
[White "Reeve, Jeff"]
[Black "Patterson, Roger"]
[Result "1/2-1/2"]
[WhiteElo "2323"]
[BlackElo "2070"]
[PlyCount "28"]
[EventDate "2017.04.17"]
[SourceDate "2017.04.20"]

1. e4 d6 2. d4 Nf6 3. Nc3 e5 4. Nf3 Nbd7 5. Bc4 Be7 6. a4 O-O 7. O-O c6 8. h3
Qc7 9. a5 Nxe4 10. Nxe4 d5 11. Re1 dxc4 12. Nxe5 Nxe5 13. dxe5 Qxe5 14. Nd2 Qf6
1/2-1/2

[Event "Grand Pacific Open 11th annual"]
[Site "?"]
[Date "2017.04.??"]
[Round "5.13"]
[White "Zheng, Victor"]
[Black "Huang, Patrick"]
[Result "0-1"]
[WhiteElo "1814"]
[BlackElo "1931"]
[PlyCount "78"]
[EventDate "2017.04.17"]
[SourceDate "2017.04.20"]

1. Nf3 c5 2. c4 Nc6 3. Nc3 g6 4. d4 cxd4 5. Nxd4 Bg7 6. Nb3 Nf6 7. e4 O-O 8.
Be3 d6 9. Be2 Be6 10. f3 Na5 11. Nd5 Bxd5 12. cxd5 Nxb3 13. Qxb3 Qa5+ 14. Bd2
Qb6 15. Qxb6 axb6 16. Bc3 Rfc8 17. a4 Nd7 18. Bxg7 Kxg7 19. b4 Rc2 20. Bb5 Ne5
21. O-O Rac8 22. Rf2 Rxf2 23. Kxf2 Rc2+ 24. Kg3 g5 25. Rg1 Rb2 26. Rc1 h5 27.
Rc7 Ng6 28. Rxb7 h4+ 29. Kh3 Nf4+ 30. Kg4 Rxg2+ 31. Kf5 h3 32. a5 bxa5 33. bxa5
Rxh2 34. Bf1 Ra2 35. Rb1 h2 36. Bc4 Rc2 37. Bb5 Rg2 38. Rh1 Ne2 39. a6 Nd4# 0-1

[Event "Grand Pacific Open 11th annual"]
[Site "?"]
[Date "2017.04.??"]
[Round "6.6"]
[White "Babb, Jeff"]
[Black "Bashkansky, Naomi"]
[Result "1-0"]
[WhiteElo "2158"]
[BlackElo "2018"]
[PlyCount "153"]
[EventDate "2017.04.17"]
[SourceDate "2017.04.20"]

1. f4 d5 2. e3 c5 3. Nf3 Nc6 4. b3 e6 5. Bb2 f6 6. Bb5 Bd7 7. O-O Qc7 8. c4 a6
9. Bxc6 bxc6 10. Nc3 Bd6 11. g3 Ne7 12. Qe2 O-O 13. e4 e5 14. f5 dxe4 15. Nh4
Rad8 16. Qxe4 Bc8 17. Rf2 Rd7 18. Na4 Rfd8 19. Bc3 a5 20. Raf1 Kh8 21. Ng2 Ng8
22. Ne1 Be7 23. Rf3 Nh6 24. h3 Nf7 25. h4 Nd6 26. Qe3 Nb7 27. R1f2 Qd6 28. Kf1
Kg8 29. Ke2 Kf7 30. Kd1 Qc7 31. Kc2 Re8 32. g4 Bd6 33. Rg2 e4 34. Rf1 Bf8 35.
Re2 Bd6 36. Ng2 Rde7 37. Nf4 Be5 38. Nh5 Qd6 39. Rfe1 Bd4 40. Qf4 Be5 41. Bxe5
Qd3+ 42. Kc1 Rxe5 43. Re3 Qd4 44. Nc3 Nd6 45. Ng3 Nb7 46. Rxe4 Rxe4 47. Ngxe4
Kf8 48. Re3 a4 49. Kc2 axb3+ 50. axb3 Qe5 51. Qxe5 Rxe5 52. Rd3 Ke7 53. Rf3 Nd6
54. d3 Nxe4 55. Nxe4 Kd7 56. Rf1 Kc7 57. Ra1 Bb7 58. Kd2 h5 59. Rg1 Kb6 60.
gxh5 Rxf5 61. Rxg7 Rxh5 62. Nxf6 Rxh4 63. Nd7+ Ka5 64. Nxc5 Bc8 65. Kc3 Rh1 66.
b4+ Kb6 67. Na4+ Ka6 68. Rc7 Bf5 69. Rxc6+ Ka7 70. Rd6 Rh3 71. Nc5 Rh1 72. b5
Kb8 73. b6 Rh5 74. Rf6 Bc8 75. Kb4 Rh8 76. Rf7 Bg4 77. Na6+ 1-0

[Event "Grand Pacific Open 11th annual"]
[Site "?"]
[Date "2017.04.??"]
[Round "6.7"]
[White "Patterson, Roger"]
[Black "Kostadinov, Georgi"]
[Result "1-0"]
[WhiteElo "2070"]
[BlackElo "2084"]
[Annotator ",roger"]
[PlyCount "93"]
[EventDate "2017.04.17"]
[SourceDate "2017.04.20"]

1. c4 c5 2. g3 Nc6 3. Bg2 g6 4. Nc3 Bg7 5. Nf3 e6 6. d4 cxd4 7. Nb5 d6 8. Nfxd4
Nxd4 9. Nxd4 a6 10. O-O Ne7 11. e4 O-O 12. Be3 Qc7 13. Rc1 Rb8 14. Qd2 Rd8 15.
Rfd1 {(=)} Bd7 16. Ne2 Bc6 17. Nf4 Be5 18. Nd3 Bf6 19. Qe2 b6 20. Bf4 Be5 21.
Bg5 Bg7 22. Bf4 a5 23. e5 d5 24. c5 b5 25. b4 h6 26. h4 Ra8 27. Bd2 axb4 28.
Bxb4 Ra4 29. a3 Rda8 30. f4 Rd8 31. Ne1 Nf5 32. Kh2 g5 33. hxg5 hxg5 34. Nc2
Re8 35. Nd4 Nxd4 36. Rxd4 f6 37. Re1 Raa8 38. Bh3 Bd7 39. Qh5 fxe5 40. fxe5 Rf8
41. Qxg5 Rf2+ 42. Kg1 Raf8 43. c6 Qb6 44. Bxf8 Rxf8 45. cxd7 Qxd4+ 46. Kh1 Qb6
47. Qg6 1-0

[Event "Grand Pacific Open 11th annual"]
[Site "?"]
[Date "2017.04.??"]
[Round "6.10"]
[White "Low, Kevin"]
[Black "Su, Michael"]
[Result "1-0"]
[WhiteElo "1866"]
[BlackElo "1913"]
[PlyCount "105"]
[EventDate "2017.04.17"]
[SourceDate "2017.04.20"]

1. e4 c5 2. Nf3 e6 3. d4 cxd4 4. Nxd4 Nc6 5. Nc3 Qc7 6. Ndb5 Qb8 7. g3 a6 8.
Nd4 Qc7 9. Bg2 h5 10. h3 h4 11. g4 Bc5 12. Be3 Ba7 13. O-O Nge7 14. Nxc6 bxc6
15. Bxa7 Rxa7 16. Qd4 e5 17. Qe3 a5 18. Rad1 Ba6 19. Rfe1 Rb7 20. Na4 d6 21. f4
Ng6 22. f5 Nf4 23. b3 O-O 24. c4 Rd8 25. c5 Rb4 26. Kh1 Rd4 27. Rxd4 Nxg2 28.
Kxg2 exd4 29. Qg5 dxc5 30. e5 f6 31. Qxh4 fxe5 32. Nxc5 Ra8 33. Qg5 Qd6 34. Ne4
Qd8 35. f6 Qd7 36. Qxe5 Re8 37. f7+ Kxf7 38. Qxe8+ Kxe8 39. Nf6+ Kd8 40. Nxd7
Kxd7 41. Kf3 Kd6 42. Ke4 d3 43. Ke3 c5 44. h4 c4 45. bxc4 Bxc4 46. a3 Kc5 47.
g5 g6 48. Kd2 Kd4 49. Rf1 Bd5 50. Rf6 Be4 51. Ra6 Ke5 52. Rxa5+ Kf4 53. Ra4 1-0

[Event "Grand Pacific Open 11th annual"]
[Site "?"]
[Date "2017.04.??"]
[Round "6.9"]
[White "Zheng, Maven"]
[Black "Hemstapat, Andrew"]
[Result "1/2-1/2"]
[WhiteElo "1731"]
[BlackElo "2039"]
[PlyCount "117"]
[EventDate "2017.04.17"]
[SourceDate "2017.04.20"]

1. d4 Nf6 2. c4 g6 3. Nc3 Bg7 4. e4 d6 5. f3 O-O 6. Be3 c5 7. d5 a6 8. a4 Nbd7
9. Nh3 Qb6 10. Qd2 Ne5 11. a5 Qc7 12. Nf2 b6 13. axb6 Qxb6 14. Be2 Rb8 15. Na4
Qc7 16. O-O Rb4 17. Rfc1 Bd7 18. Qc2 Rfb8 19. Rcb1 Ne8 20. f4 Bxa4 21. Rxa4
Rxb2 22. Rxb2 Rxb2 23. Qd1 Nd7 24. Nd3 Rb6 25. Ra2 Qb7 26. Qa4 Rb1+ 27. Kf2
Nef6 28. Kf3 Nb8 29. e5 Nfd7 30. exd6 exd6 31. Nf2 Qc8 32. Ne4 Nf6 33. Nxf6+
Bxf6 34. Bd3 Rb7 35. Re2 h5 36. h3 Re7 37. Qc2 Qe8 38. f5 g5 39. Qd2 g4+ 40.
hxg4 hxg4+ 41. Kxg4 Nd7 42. Bf4 Ne5+ 43. Kg3 Nxd3 44. Rxe7 Qxe7 45. Qxd3 Qe1+
46. Kf3 Be5 47. g3 Qh1+ 48. Kg4 Qe1 49. Qf3 Kf8 50. f6 Ke8 51. Qa3 Qe2+ 52. Kg5
Bxf4+ 53. gxf4 Qg2+ 54. Kh4 Qh2+ 55. Kg5 Qg1+ 56. Kh4 Qe1+ 57. Kg5 a5 58. Qb3
Qg1+ 59. Kh4 1/2-1/2

[Event "Grand Pacific Open 11th annual"]
[Site "?"]
[Date "2017.04.??"]
[Round "6.4"]
[White "Zhou, Aiden"]
[Black "Reeve, Jeff"]
[Result "1/2-1/2"]
[WhiteElo "1907"]
[BlackElo "2323"]
[PlyCount "57"]
[EventDate "2017.04.17"]
[SourceDate "2017.04.20"]

1. d4 Nf6 2. Bg5 Ne4 3. Bf4 d5 4. e3 c5 5. Bd3 Nf6 6. c3 e6 7. Nd2 Nc6 8. Ngf3
Bd6 9. Bg3 O-O 10. Ne5 h6 11. f4 Nd7 12. O-O f5 13. Ng6 Rf7 14. Bh4 Nf6 15. Nf3
c4 16. Be2 Qc7 17. Nfe5 Bxe5 18. fxe5 Ne4 19. Bh5 Bd7 20. g4 Qc8 21. Nf4 Rf8
22. gxf5 Rxf5 23. Bg6 Rf8 24. Bxe4 dxe4 25. Ng6 Rxf1+ 26. Qxf1 Qe8 27. Qg2 Kh7
28. Nf4 g5 29. Qxe4+ 1/2-1/2

[Event "Grand Pacific Open 11th annual"]
[Site "?"]
[Date "2017.04.??"]
[Round "6.2"]
[White "Moore, Harry"]
[Black "Murray, Mike"]
[Result "1-0"]
[WhiteElo "2197"]
[BlackElo "2043"]
[PlyCount "89"]
[EventDate "2017.04.17"]
[SourceDate "2017.04.20"]

1. d4 Nc6 2. Bg5 f6 3. Bh4 d5 4. e3 Nh6 5. c4 Nf5 6. Bg3 Nxg3 7. hxg3 e5 8.
cxd5 Qxd5 9. Nc3 Bb4 10. a3 Bxc3+ 11. bxc3 exd4 12. cxd4 Bf5 13. Nf3 Qa5+ 14.
Qd2 Qxd2+ 15. Kxd2 O-O-O 16. Kc3 h6 17. Nh4 Bh7 18. Bd3 Bxd3 19. Kxd3 Rhe8 20.
Nf5 Rd7 21. Rhc1 Na5 22. Rab1 b6 23. e4 Nb7 24. f3 c5 25. d5 Kd8 26. a4 Nd6 27.
g4 Nxf5 28. gxf5 Ke7 29. a5 Rd6 30. axb6 axb6 31. Ra1 Rd7 32. Ra6 Rb7 33. Rca1
Rc8 34. Ra7 Rcc7 35. Rxb7 Rxb7 36. Kc4 Kd6 37. Kb5 Ke5 38. Ra4 Kd6 39. f4 Rc7
40. Ra6 c4 41. Rxb6+ Kd7 42. e5 c3 43. e6+ Kc8 44. d6 Rb7 45. d7+ 1-0

[Event "Grand Pacific Open 11th annual"]
[Site "?"]
[Date "2017.04.??"]
[Round "6.8"]
[White "Zhang, Eric"]
[Black "Gansvind, Valeria"]
[Result "1/2-1/2"]
[WhiteElo "1892"]
[BlackElo "2254"]
[PlyCount "92"]
[EventDate "2017.04.17"]
[SourceDate "2017.04.20"]

1. d4 Nf6 2. c4 e6 3. Nf3 Bb4+ 4. Nbd2 a5 5. a3 Bxd2+ 6. Bxd2 d6 7. e3 Ne4 8.
Bd3 Nxd2 9. Qxd2 Qe7 10. O-O e5 11. Qc2 Nd7 12. b4 Nf6 13. Nd2 O-O 14. Rfe1 Re8
15. Ne4 Nxe4 16. Bxe4 g6 17. d5 f5 18. Bf3 e4 19. Be2 Qe5 20. b5 b6 21. Qd2 Bd7
22. Rad1 Kg7 23. f4 exf3 24. Bxf3 Re7 25. Qd4 Rae8 26. Kf2 h6 27. g3 Rf8 28.
Qxe5+ Rxe5 29. Rd4 g5 30. h4 Be8 31. Re2 Bg6 32. Re1 Rfe8 33. Re2 Kf6 34. Re1
Rg8 35. Rh1 Re7 36. Rg1 Rge8 37. Re1 Kg7 38. Re2 Rf8 39. Re1 Be8 40. Rh1 Bg6
41. Re1 Rfe8 42. Re2 Re5 43. Re1 R8e7 44. Re2 Kf6 45. Re1 Be8 46. Re2 Bg6
1/2-1/2

[Event "Grand Pacific Open 11th annual"]
[Site "?"]
[Date "2017.04.??"]
[Round "6.3"]
[White "Fratila, Adela"]
[Black "Zhu, Brandon"]
[Result "0-1"]
[WhiteElo "2038"]
[BlackElo "2066"]
[PlyCount "72"]
[EventDate "2017.04.17"]
[SourceDate "2017.04.20"]

1. d4 c5 2. e3 d5 3. Nf3 Nf6 4. Be2 Nc6 5. O-O Bg4 6. b3 e6 7. Bb2 Be7 8. a3
O-O 9. Ne5 Bxe2 10. Qxe2 Nxe5 11. dxe5 Nd7 12. Nd2 Qc7 13. f4 Rac8 14. c4 Rfd8
15. cxd5 exd5 16. Rac1 Qb6 17. Rf3 c4 18. b4 a5 19. Bc3 axb4 20. axb4 f5 21.
Rh3 Nf8 22. Qh5 d4 23. exd4 Rxd4 24. Kh1 Rxf4 25. Re1 Qc6 26. Qe2 Ne6 27. Rg3
Qe8 28. Rf1 Rxf1+ 29. Qxf1 f4 30. Rf3 b5 31. Rxf4 Nxf4 32. Qxf4 Qf8 33. Qg4 Rd8
34. Qe6+ Qf7 35. Qb6 Rd3 36. e6 Qf8 0-1

[Event "Grand Pacific Open 11th annual"]
[Site "?"]
[Date "2017.04.??"]
[Round "6.5"]
[White "North, Robert"]
[Black "Wu, Howard"]
[Result "1-0"]
[WhiteElo "1974"]
[BlackElo "2184"]
[PlyCount "73"]
[EventDate "2017.04.17"]
[SourceDate "2017.04.20"]

1. d4 Nf6 2. c4 g6 3. g3 c5 4. d5 b5 5. cxb5 a6 6. bxa6 Bxa6 7. Bg2 d6 8. Nc3
Bg7 9. Nf3 O-O 10. O-O Nbd7 11. Rb1 Ng4 12. Re1 Nge5 13. Nd2 Qb6 14. Qc2 Rfb8
15. b3 Qa5 16. Bb2 c4 17. Rec1 Nc5 18. f4 cxb3 19. Nxb3 Nxb3 20. axb3 Qb6+ 21.
Kh1 Ng4 22. Nd1 Rc8 23. Qd2 Bxb2 24. Rxb2 Rxc1 25. Qxc1 Qb4 26. Qc3 Qa3 27. Bf3
Rc8 28. Qd2 Qa1 29. Bxg4 Rc1 30. e3 Bb7 31. Kg1 Bxd5 32. Kf2 Be4 33. b4 h5 34.
Be2 d5 35. b5 d4 36. Qxd4 Bc2 37. b6 1-0

[Event "Grand Pacific Open 11th annual"]
[Site "?"]
[Date "2017.04.??"]
[Round "6.1"]
[White "Sohal, Tanraj"]
[Black "Cao, Jason"]
[Result "1/2-1/2"]
[WhiteElo "2370"]
[BlackElo "2414"]
[PlyCount "33"]
[EventDate "2017.04.17"]
[SourceDate "2017.04.20"]

1. d4 Nf6 2. Nf3 e6 3. e3 b6 4. Bd3 Bb7 5. O-O d5 6. Ne5 Bd6 7. f4 O-O 8. Rf3
Ne4 9. Rh3 f5 10. Nd2 Nd7 11. Nxe4 dxe4 12. Nxd7 Qxd7 13. Be2 Rad8 14. b3 c5
15. Bb2 cxd4 16. Qxd4 Bc5 17. Qe5 1/2-1/2